RICS global commercial property survey United Kingdom (Record no. 109396)

MARC details
000 -LEADER
fixed length control field 01542cad a22002415a 4500
001 - CONTROL NUMBER
control field L147009
008 - FIXED-LENGTH DATA ELEMENTS--GENERAL INFORMATION
fixed length control field 090323s2009 xxkad f s 000 0 eng d
035 ## - SYSTEM CONTROL NUMBER
System control number (Sirsi) u147009
041 0# - LANGUAGE CODE
Language code of text/sound track or separate title eng
050 04 - LIBRARY OF CONGRESS CALL NUMBER
Classification number 333.33 $2 18
110 2# - MAIN ENTRY--CORPORATE NAME
Corporate name or jurisdiction name as entry element Royal Institution of Chartered Surveyors
Subordinate unit Economics
9 (RLIN) 5033
245 00 - TITLE STATEMENT
Title RICS global commercial property survey United Kingdom
Remainder of title Q4 2008
Medium [electronic resource]
260 ## - PUBLICATION, DISTRIBUTION, ETC.
Place of publication, distribution, etc. London
Name of publisher, distributor, etc. RICS
Date of publication, distribution, etc. 2008
490 #0 - SERIES STATEMENT
Series statement RICS Global Commercial Property Survey United Kingdom
Volume/sequential designation Q4 2008
520 ## - SUMMARY, ETC.
Summary, etc. Suggests that capital values have fallen across many emerging markets for the first time in the survey?s history, showing that no real estate market has been able to escape the global economic downturn. Those countries which had previously shown some resilience, such as the UAE, China, Turkey and Brazil, have now seen a sharp turnaround in lettings activity which has reduced confidence in the outlook for both capital values and investment interest. Rents are also expected to fall across every world region and investor activity has also fallen as the lack of credit intensifies. Financial instability has led to a sharp re-pricing of risk across emerging markets.
521 ## - TARGET AUDIENCE NOTE
Target audience note Advanced
590 ## - LOCAL NOTE (RLIN)
Local note KA
650 24 - SUBJECT ADDED ENTRY--TOPICAL TERM
Topical term or geographic name entry element RICS GLOBAL COMMERCIAL PROPERTY SURVEY
651 #4 - SUBJECT ADDED ENTRY--GEOGRAPHIC NAME
Geographic name International
690 ## - LOCAL SUBJECT ADDED ENTRY--TOPICAL TERM (OCLC, RLIN)
Topical term or geographic name as entry element PROPERTY-COMMERCIAL PROPERTY-COMMERCIAL PROPERTY MARKET
856 40 - ELECTRONIC LOCATION AND ACCESS
Uniform Resource Identifier <a href="https://www.rics.org/site/download_feed.aspx?fileID=42&fileExtension=PDF">https://www.rics.org/site/download_feed.aspx?fileID=42&fileExtension=PDF</a>
Public note View the survey free of charge at www.rics.org
942 ## - ADDED ENTRY ELEMENTS (KOHA)
Suppress in OPAC 0
Holdings
Withdrawn status Lost status Source of classification or shelving scheme Damaged status Not for loan Home library Current library Shelving location Date acquired Total Checkouts Full call number Barcode Date last seen Copy number Price effective from Koha item type
    Dewey Decimal Classification     Virtual Virtual Online 23/03/2009   ONLINE PUBLICATION 147009-2001 06/08/2019 1 06/08/2019 Book